ბათუმის შოთა რუსთაველის სახელმწიფო უნივერსიტეტის ბიბლიოთეკა

ქართული ენა (ბიბ.ჩანაწერი № 53410)

000 -LEADER
fixed length control field 01018nam a2200253Ia 4500
001 - CONTROL NUMBER
control field 20453
003 - CONTROL NUMBER IDENTIFIER
control field GE_BSU
008 - FIXED-LENGTH DATA ELEMENTS--GENERAL INFORMATION
fixed length control field 181216s||||||||xx |||||||||||||| ||und||
040 ## - CATALOGING SOURCE
Transcribing agency GE_BSU
080 ## - UNIVERSAL DECIMAL CLASSIFICATION NUMBER
Universal Decimal Classification number 811.353.1-84(075.3=161.1)
100 ## - MAIN ENTRY--PERSONAL NAME
Personal name დავითიანი, აკ. მუშკუდიანი, ვ. ციხისელი, თ.
245 ## - TITLE STATEMENT
Title ქართული ენა
245 ## - TITLE STATEMENT
Remainder of title საქ. სსრ რუსული სკოლის III კლასის სახელმძღვ.
245 ## - TITLE STATEMENT
Statement of responsibility, etc. რედ. გ. ახალაია. ც. ნევეროვსკაია
250 ## - EDITION STATEMENT
Edition statement მე-2 გამოც.
260 ## - PUBLICATION, DISTRIBUTION, ETC.
Place of publication, distribution, etc. თბილისი
260 ## - PUBLICATION, DISTRIBUTION, ETC.
Name of publisher, distributor, etc. განათლება
260 ## - PUBLICATION, DISTRIBUTION, ETC.
Date of publication, distribution, etc. 1982.
300 ## - PHYSICAL DESCRIPTION
Extent 160გვ. : ილ. ; 22სმ..
653 ## - INDEX TERM--UNCONTROLLED
Uncontrolled term საქ. სსრ რუსული სკოლის III კლასის სახელმძღვ.
653 ## - INDEX TERM--UNCONTROLLED
Uncontrolled term ქართული ენა
942 ## - ADDED ENTRY ELEMENTS (KOHA)
Koha item type წიგნი
ეგზემპლარები
Withdrawn status Lost status Damaged status Not for loan Date acquired Barcode Date last seen Price effective from Koha item type
        2018-12-17 53443 2018-12-17 2018-12-17 წიგნი